Les chansons de Josman - Mort subite - Statistiques

Statistiques générales
  • Ce quiz a été pris 1 155 fois
  • Le résultat moyen est 10 sur 15
Answers on the Grid
Answers color-coded by a green-red scale on the quiz's grid according to % correct below.
Goal
Senorita
Toxxxic
Intro
J'aime bien!
Dans le vide
Ailleurs
Les Flammes
CARLO
J'allume
Lifestyle
Life
Comme ça
Décisions
Doré
Corde vocale
Gris
Album
My Love
Loto
1994
Amnésie
Macarena
Las Vegas
Abdomen
Helsinki
Fleurs
Melo
Meuda
Fusil
 
Statistiques - réponses
Réponse % Correct
J'aime bien!
84%
Intro
79%
Senorita
76%
Ailleurs
74%
Goal
74%
Dans le vide
73%
My Love
73%
J'allume
67%
Lifestyle
64%
CARLO
62%
Les Flammes
60%
Loto
59%
Toxxxic
53%
Décisions
47%
Doré
43%
Aucun quiz correspondant
Distribution des résultats
% des personnes avec chaque résultat
Percentile par nombre de réponses
Votre historique - résultats
Vous n’avez pas pris ce quiz